Statistics for Pokémon Starters & Their Evolutions

Click here to take the quiz!

General Stats

  • This quiz has been taken 5,379 times
    (775 since last reset)
  • The average score is 32 of 64

Answer Stats

Generation Type Answer % Correct
IFireCharmander
97%
IGrass/PoisonBulbasaur
97%
IFire/FlyingCharizard
96%
IGrass/PoisonIvysaur
95%
I (Yellow)ElectricPikachu
93%
IWaterSquirtle
93%
IFireCharmeleon
93%
IWaterBlastoise
92%
IGrass/PoisonVenusaur
89%
IWaterWartortle
89%
IIGrassChikorita
73%
IIFireCyndaquil
69%
IIWaterTotodile
69%
IIIFireTorchic
67%
IIIWaterMudkip
65%
IIGrassBayleef
64%
IIIFire/FightingBlaziken
63%
IIGrassMeganium
63%
IIFireQuilava
61%
IIFireTyphlosion
61%
IIIGrassTreecko
61%
IVWaterPiplup
59%
IVFireChimchar
59%
IIIGrassSceptile
55%
IVGrassTurtwig
54%
IIIFire/FightingCombusken
54%
IIWaterCroconaw
53%
IVFire/FightingInfernape
52%
IIWaterFeraligatr
52%
VGrassSnivy
51%
IVGrass/GroundTorterra
51%
IIIWater/GroundSwampert
51%
IVWater/SteelEmpoleon
50%
IIIGrassGrovyle
49%
VFireTepig
47%
IIIWater/GroundMarshtomp
45%
IVFire/FightingMonferno
45%
IVGrassGrotle
42%
IVWaterPrinplup
42%
VFire/FightingEmboar
39%
VWaterOshawott
38%
VGrassSerperior
37%
VIWater/DarkGreninja
33%
VFire/FightingPignite
30%
VGrassServine
30%
VIGrassChespin
29%
VIWaterFroakie
29%
VWaterSamurott
29%
VWaterDewott
28%
VIIFireLitten
28%
VIIGrass/FlyingRowlet
28%
VIFireFennekin
28%
VIIWaterPopplio
23%
VIIFire/DarkIncineroar
22%
VIGrass/FightingChesnaught
21%
VIIGrass/GhostDecidueye
19%
VIWaterFrogadier
19%
VIFireBraixen
18%
VIIWater/FairyPrimarina
18%
VIGrassQuilladin
17%
VIIFireTorracat
14%
VIIGrass/FlyingDartrix
13%
VIIWaterBrionne
11%
VIFire/PsychicDelpox
5%

Score Distribution

Percentile by Number Answered

Percent of People with Each Score

Your Score History

You have not taken this quiz since the last reset